<?xml version="1.0" encoding="UTF-8"?>
<record
    xmlns:xsi="http://www.w3.org/2001/XMLSchema-instance"
    xsi:schemaLocation="http://www.loc.gov/MARC21/slim http://www.loc.gov/standards/marcxml/schema/MARC21slim.xsd"
    xmlns="http://www.loc.gov/MARC21/slim">

  <leader>00575nam a22002057a 4500</leader>
  <controlfield tag="003">UA-OsUOA</controlfield>
  <controlfield tag="001"> 64512 </controlfield>
  <controlfield tag="007">ta</controlfield>
  <controlfield tag="008">20091105b un ||||| |||| 00| 0 ukr d</controlfield>
  <datafield tag="090" ind1=" " ind2=" ">
    <subfield code="a">94(474.5)</subfield>
    <subfield code="b">&#x41C;54</subfield>
  </datafield>
  <datafield tag="942" ind1=" " ind2=" ">
    <subfield code="c">BK</subfield>
  </datafield>
  <datafield tag="040" ind1=" " ind2=" ">
    <subfield code="a">UA-OsUOA</subfield>
    <subfield code="c">UA-OsUOA</subfield>
    <subfield code="d">UA-OsUOA</subfield>
  </datafield>
  <datafield tag="245" ind1=" " ind2=" ">
    <subfield code="a">&#x41C;&#x435;&#x442;&#x440;&#x44B;&#x43A;&#x430; &#x412;&#x44F;&#x43B;&#x456;&#x43A;&#x430;&#x433;&#x430; &#x41A;&#x43D;&#x44F;&#x441;&#x442;&#x432;&#x430; &#x41B;&#x456;&#x442;&#x43E;&#x443;&#x441;&#x43A;&#x430;&#x433;&#x430;</subfield>
    <subfield code="b">&#x41A;&#x43D;&#x456;&#x433;&#x430; 28 (1522 - 1552)</subfield>
  </datafield>
  <datafield tag="300" ind1=" " ind2=" ">
    <subfield code="a">312 &#x441;.</subfield>
  </datafield>
  <datafield tag="955" ind1=" " ind2=" ">
    <subfield code="a">0</subfield>
  </datafield>
  <datafield tag="080" ind1=" " ind2=" ">
    <subfield code="a">94(474.5)</subfield>
  </datafield>
  <datafield tag="260" ind1=" " ind2=" ">
    <subfield code="a">&#x41C;&#x435;&#x43D;&#x441;&#x43A;</subfield>
    <subfield code="c">2000</subfield>
  </datafield>
  <datafield tag="650" ind1=" " ind2="7">
    <subfield code="a">9 &#x413;&#x435;&#x43E;&#x433;&#x440;&#x430;&#x444;&#x456;&#x44F;. &#x411;&#x456;&#x43E;&#x433;&#x440;&#x430;&#x444;&#x456;&#x457;. &#x406;&#x441;&#x442;&#x43E;&#x440;&#x456;&#x44F;</subfield>
    <subfield code="2">UDC</subfield>
  </datafield>
  <datafield tag="999" ind1=" " ind2=" ">
    <subfield code="c">350777</subfield>
    <subfield code="d">350777</subfield>
  </datafield>
  <datafield tag="952" ind1=" " ind2=" ">
    <subfield code="0">0</subfield>
    <subfield code="1">0</subfield>
    <subfield code="2">udc</subfield>
    <subfield code="4">0</subfield>
    <subfield code="7">0</subfield>
    <subfield code="8">C_KOVALSKYI</subfield>
    <subfield code="a">102</subfield>
    <subfield code="b">102</subfield>
    <subfield code="d">2009-11-05</subfield>
    <subfield code="e">128/2009</subfield>
    <subfield code="g">15.00</subfield>
    <subfield code="i">124212</subfield>
    <subfield code="l">0</subfield>
    <subfield code="o">94(474.5) &#x41C;54</subfield>
    <subfield code="p">124212</subfield>
    <subfield code="r">2022-02-06 00:00:00</subfield>
    <subfield code="w">2009-11-05</subfield>
    <subfield code="y">BK</subfield>
  </datafield>
</record>
